Central Library OPAC University of Rajshahi
Normal view MARC view

Entry Personal Name

Number of records used in: 2

001 - CONTROL NUMBER

  • control field: 15937

003 - CONTROL NUMBER IDENTIFIER

  • control field: BD-RjUL

005 - DATE AND TIME OF LATEST TRANSACTION

  • control field: 20250708164449.0

008 - FIXED-LENGTH DATA ELEMENTS

  • fixed length control field: 250708|| aca||aabn | a|a d

040 ## - CATALOGING SOURCE

  • Original cataloging agency: BD-RjUL
  • Transcribing agency: BD-RjUL

100 ## - HEADING--PERSONAL NAME

  • Personal name: Aḥmad, Kalīmuddīn ;; احمد., کلىم‌الدىں
  • Dates associated with a name: 1908-1983

670 ## - SOURCE DATA FOUND

  • Source citation: Work cat.: (BD-RjUL)85147: Aḥmad, Kalīmuddīn ;; احمد., کلىم‌الدىں 1908-1983, اردو تنقىد پر اىک نظر : مع اضافه جدىد / Urdū tanqīd par ek naz̤ar : maʻ iẓāfah jadīd /, 1983